| 000 | 00327nam a22001337a 4500 | ||
|---|---|---|---|
| 020 | _a435-035-90472 | ||
| 082 | _a746.4403 ENC | ||
| 100 |
_aGOLDEN HANDS _976067 |
||
| 245 | _aENCYCLOPEDIA OF EMBROIDERY | ||
| 260 |
_aLONDON _bCOLLINS GLASGOW _c1977 |
||
| 300 | _a225P | ||
| 650 |
_aCANVAS WORK EMBROIDERY _976068 |
||
| 942 | _cBK | ||
| 999 |
_c581491 _d581491 |
||